000 00371nam a2200145Ia 4500
008 230917s9999||||xx |||||||||||||| ||und||
040 _e195353
_aMAIN
041 _aEnglish
082 _a823.09 C392T
100 _aChaturvedi, A K
245 0 _aTribals in Indian English novel
260 _aNew Delhi
_bAtlantic Publishers
_c2008
300 _avii, 83 p.
942 _cBK
999 _c159095
_d159095